[Event "23. Copenhagen Open  (Politiken Cup)"]
[Site "Copenhagen"]
[Date "2001.07.17"]
[Round "2"]
[White "Kjar, Peter Sigsgaard"]
[Black "Nielsen, Thomas"]
[Result "1/2-1/2"]
[WhiteElo "1573"]
[BlackElo "2025"]
[PlyCount "111"]
[EventDate "2001.07.16"]
[EventType "swiss"]
[EventRounds "11"]
[EventCountry "DEN"]
[SourceDate "2004.01.01"]

1. e4 c6 2. d4 d5 3. Nc3 dxe4 4. Nxe4 Bf5 5. Ng3 Bg6 6. h4 h6 7. Nf3 Nd7 8. Bd3
Bxd3 9. Qxd3 e6 10. Bd2 Ngf6 11. O-O-O Be7 12. Qe2 O-O 13. Ne5 c5 14. Nxd7 Qxd7
15. dxc5 Qc6 16. Bc3 Qxc5 17. f4 Nd5 18. Ne4 Nxc3 19. Nxc3 Qc7 20. f5 Qf4+ 21.
Kb1 Qxf5 22. g4 Qg6 23. Rdg1 Rfd8 24. g5 h5 25. Ne4 Rd4 26. Nf6+ $11 Bxf6 27.
gxf6 Qxf6 28. Qxh5 Rad8 29. c3 Rd2 30. Qg5 Qxg5 31. hxg5 Rf2 32. Rd1 Rfd2 33.
Rdg1 R8d5 34. Kc1 Rf2 35. g6 fxg6 36. Rxg6 Kf7 37. Rhg1 Rf1+ 38. Rxf1+ Kxg6 39.
c4 Rd7 40. Kc2 Kh5 41. Kc3 Kh4 42. b4 g5 43. c5 g4 44. Rf6 Re7 45. Kd4 Kh3 46.
Ke5 g3 47. Kd6 Rg7 48. Rxe6 g2 49. Re1 Kh2 50. b5 g1=Q 51. Rxg1 Kxg1 52. c6
Rg6+ 53. Kd7 bxc6 54. bxc6 Rg7+ 55. Kd6 Rg6+ 56. Kd7 1/2-1/2

[Event "23. Copenhagen Open  (Politiken Cup)"]
[Site "Copenhagen"]
[Date "2001.07.17"]
[Round "2"]
[White "Kristensen, Jonas Rune"]
[Black "Preuss, Flemming"]
[Result "0-1"]
[WhiteElo "1755"]
[BlackElo "2062"]
[PlyCount "66"]
[EventDate "2001.07.16"]
[EventType "swiss"]
[EventRounds "11"]
[EventCountry "DEN"]
[SourceDate "2004.01.01"]

1. d4 e5 2. dxe5 Nc6 3. Nf3 Nge7 4. Bd2 Ng6 5. Bc3 Bb4 6. e4 Qe7 7. Qd2 a5 8.
Be2 Ngxe5 9. Nd4 d6 10. O-O O-O 11. f4 Nxd4 12. fxe5 dxe5 13. Bxb4 axb4 14. c3
Nxe2+ 15. Qxe2 Be6 16. b3 Bxb3 17. cxb4 Qxb4 18. Nd2 Rxa2 19. Rxa2 Bxa2 20. Kh1
Rd8 21. Rd1 Qd4 22. Qf3 Be6 23. h3 c5 24. Qa3 c4 25. Ra1 Qxd2 26. Qa8 c3 27.
Qxb7 c2 28. Qb2 h6 29. Rc1 Qxc1+ 30. Qxc1 Rd1+ 31. Kh2 Rxc1 32. h4 Rf1 33. h5
c1=Q 0-1

[Event "23. Copenhagen Open  (Politiken Cup)"]
[Site "Copenhagen"]
[Date "2001.07.17"]
[Round "2"]
[White "Lardot, Derik"]
[Black "Olsen, Miriam Frida"]
[Result "1-0"]
[WhiteElo "2023"]
[BlackElo "1604"]
[PlyCount "75"]
[EventDate "2001.07.16"]
[EventType "swiss"]
[EventRounds "11"]
[EventCountry "DEN"]
[SourceDate "2004.01.01"]

1. e4 c5 2. c3 Nf6 3. e5 Nd5 4. Bc4 Nb6 5. Bb3 Nc6 6. d4 e6 7. Nf3 cxd4 8. cxd4
d6 9. exd6 Qxd6 10. Nc3 Be7 11. O-O O-O 12. Nb5 Qd7 13. Bf4 a6 14. Nc3 Bf6 15.
Be5 Nxe5 16. Nxe5 Qe7 17. Qf3 Nd7 18. Rfe1 Rb8 19. Rad1 Rd8 20. g3 Bxe5 21.
dxe5 b5 22. Bc2 b4 23. Qd3 g6 24. Ne4 Bb7 25. Nd6 Nb6 26. Qe2 Nd5 27. Ne4 Rbc8
28. Bb3 Rc7 29. h4 Rdc8 30. Bxd5 Rc2 31. Nf6+ Kg7 32. Qe3 exd5 33. Ng4 Qf8 34.
Qg5 Kh8 35. e6 f5 36. e7 Qf7 37. e8=Q+ Rxe8 38. Rxe8+ 1-0

[Event "23. Copenhagen Open  (Politiken Cup)"]
[Site "Copenhagen"]
[Date "2001.07.17"]
[Round "2"]
[White "Laubsch, Bernd"]
[Black "van Dijk, Thomas"]
[Result "0-1"]
[WhiteElo "2311"]
[BlackElo "1999"]
[PlyCount "78"]
[EventDate "2001.07.16"]
[EventType "swiss"]
[EventRounds "11"]
[EventCountry "DEN"]
[SourceDate "2004.01.01"]

1. e4 d5 2. exd5 Qxd5 3. Nc3 Qa5 4. d4 Nf6 5. Bc4 Bf5 6. Nf3 c6 7. Bd2 e6 8.
Nd5 Qd8 9. Nxf6+ gxf6 10. c3 Nd7 11. Qe2 Nb6 12. Bb3 Qc7 13. Nh4 Bg6 14. O-O-O
O-O-O 15. f4 c5 16. f5 exf5 17. dxc5 Qxc5 18. Be3 Rxd1+ 19. Rxd1 Qe5 20. Qf2 h5
21. g3 Bh6 22. Bxh6 Rxh6 23. Re1 Qb5 24. Re7 Rh8 25. Bxf7 Bxf7 26. Rxf7 Nd7 27.
Nxf5 Qe5 28. Re7 Qd5 29. Re1 Qxa2 30. Nd6+ Kb8 31. Qc2 Ne5 32. Nb5 Rd8 33. Nd4
Qa6 34. Rd1 Rc8 35. Kb1 Nc4 36. Qb3 Re8 37. h4 Re5 38. Qb4 Re8 39. Nb5 Qc6 {
Time} 0-1

[Event "23. Copenhagen Open  (Politiken Cup)"]
[Site "Copenhagen"]
[Date "2001.07.17"]
[Round "2"]
[White "Laursen, Niels Norskov"]
[Black "Aaberg, Anton"]
[Result "1-0"]
[WhiteElo "2107"]
[BlackElo "2373"]
[PlyCount "77"]
[EventDate "2001.07.16"]
[EventType "swiss"]
[EventRounds "11"]
[EventCountry "DEN"]
[SourceDate "2004.01.01"]

1. e4 g6 2. d4 Bg7 3. Nc3 c6 4. Bc4 d6 5. Bb3 b5 6. a3 a5 7. Bg5 Qb6 8. Be3 Nf6
9. e5 Ng4 10. e6 Bxe6 11. Bxe6 Nxe3 12. Bxf7+ Kxf7 13. fxe3 Rf8 14. Nf3 Kg8 15.
O-O Nd7 16. Ne4 d5 17. Neg5 Rf6 18. Kh1 Raf8 19. e4 dxe4 20. Nxe4 Rf5 21. c3 c5
22. dxc5 Nxc5 23. Nxc5 Qxc5 24. Qe2 e5 25. Rfd1 a4 26. Rd3 g5 27. h3 g4 28.
hxg4 Rf4 29. Re3 Rxg4 30. Rd1 Rgf4 31. Re4 Qb6 32. Rxf4 Rxf4 33. Rd5 e4 34. Ng1
Qe6 35. Rxb5 Be5 36. Rb4 Rh4+ 37. Nh3 Rxh3+ 38. gxh3 Qxh3+ 39. Kg1 1-0

[Event "23. Copenhagen Open  (Politiken Cup)"]
[Site "Copenhagen"]
[Date "2001.07.17"]
[Round "2"]
[White "Li, Mike"]
[Black "Auchenberg, Per"]
[Result "0-1"]
[WhiteElo "1056"]
[BlackElo "1842"]
[PlyCount "80"]
[EventDate "2001.07.16"]
[EventType "swiss"]
[EventRounds "11"]
[EventCountry "DEN"]
[SourceDate "2004.01.01"]

1. d4 c5 2. d5 e5 3. c4 d6 4. Nc3 Nf6 5. g3 Be7 6. Bg2 O-O 7. Nf3 Ne8 8. O-O f5
9. Nd2 Nd7 10. b3 e4 11. Bb2 Bf6 12. f4 Bd4+ 13. Kh1 Ndf6 14. h3 Nh5 15. Kh2
Qf6 16. Ndxe4 Qg6 17. e3 fxe4 18. g4 Bxc3 19. gxh5 Qf6 20. Bxc3 Qxc3 21. Bxe4
Qxe3 22. Qf3 Qxf3 23. Rxf3 Nf6 24. Bc2 Bd7 25. Raf1 Nxh5 26. a3 Rae8 27. Bd3
Bf5 28. Bxf5 Rxf5 29. b4 Re2+ 30. R1f2 Rxf2+ 31. Rxf2 Rxf4 32. Rxf4 Nxf4 33.
bxc5 dxc5 34. Kg3 Nd3 35. d6 Kf7 36. Kf3 Ke6 37. Ke3 Ne5 38. Ke4 Nxc4 39. d7
Kxd7 40. a4 Nd6+ 0-1

[Event "23. Copenhagen Open  (Politiken Cup)"]
[Site "Copenhagen"]
[Date "2001.07.17"]
[Round "2"]
[White "Lilja, Richard"]
[Black "Skjoldan, Benjamin"]
[Result "1-0"]
[WhiteElo "2112"]
[BlackElo "1720"]
[PlyCount "99"]
[EventDate "2001.07.16"]
[EventType "swiss"]
[EventRounds "11"]
[EventCountry "DEN"]
[SourceDate "2004.01.01"]

1. e4 c5 2. Nc3 Nc6 3. Bb5 e6 4. Bxc6 bxc6 5. f4 d5 6. d3 Nf6 7. e5 Nd7 8. Nf3
Be7 9. O-O O-O 10. b3 f6 11. Qe1 fxe5 12. fxe5 Rf5 13. Qg3 Qf8 14. Ba3 Ba6 15.
Rae1 Qf7 16. Nd1 d4 17. Nf2 Rf8 18. Ng4 Kh8 19. Nd2 h5 20. Rxf5 Qxf5 21. Nf2 h4
22. Qf3 Nxe5 23. Qe2 Nd7 24. Nf3 e5 25. h3 Rf7 26. Ng4 c4 27. Bxe7 cxd3 28.
cxd3 Rxe7 29. Nxd4 Qxd3 30. Qxd3 Bxd3 31. Nxc6 Re6 32. Ncxe5 Bf5 33. Ng6+ Rxg6
34. Re8+ Kh7 35. Re7 Re6 36. Rxd7 Ra6 37. Rd2 Bxg4 38. hxg4 Rg6 39. Rd4 Rc6 40.
Ra4 a6 41. Ra5 g6 42. g5 Kg7 43. Kh2 Kf7 44. Kh3 Ke6 45. Kxh4 Kd7 46. Rd5+ Ke6
47. Rd2 Kf5 48. Rf2+ Ke5 49. Kg4 Rd6 50. Re2+ 1-0

[Event "23. Copenhagen Open  (Politiken Cup)"]
[Site "Copenhagen"]
[Date "2001.07.17"]
[Round "2"]
[White "Lynge, Torben"]
[Black "Petersen, Nils"]
[Result "1-0"]
[WhiteElo "1701"]
[BlackElo "2050"]
[PlyCount "59"]
[EventDate "2001.07.16"]
[EventType "swiss"]
[EventRounds "11"]
[EventCountry "DEN"]
[SourceDate "2004.01.01"]

1. e4 c5 2. Nf3 Nc6 3. Bc4 e6 4. d4 cxd4 5. Nxd4 a6 6. Nc3 Bb4 7. Nde2 b5 8.
Bd3 Nge7 9. O-O Ne5 10. Bf4 N7g6 11. Bg3 h5 12. h3 h4 13. Bh2 Bc5 14. Kh1 b4
15. Na4 Ba7 16. f4 Nxd3 17. Qxd3 Bb7 18. Rad1 d5 19. f5 Nf8 20. fxe6 fxe6 21.
Qf3 Qe7 22. exd5 Bxd5 23. Qg4 O-O-O 24. Nf4 Bc6 25. Rxd8+ Qxd8 26. b3 Qf6 27.
Rd1 g5 28. Nd3 Bxa4 29. Qc4+ Kb7 30. Qc7+ 1-0

[Event "23. Copenhagen Open  (Politiken Cup)"]
[Site "Copenhagen"]
[Date "2001.07.17"]
[Round "2"]
[White "Moller, Arne"]
[Black "Nielsen, Jan Mose"]
[Result "0-1"]
[WhiteElo "1712"]
[BlackElo "2054"]
[PlyCount "60"]
[EventDate "2001.07.16"]
[EventType "swiss"]
[EventRounds "11"]
[EventCountry "DEN"]
[SourceDate "2004.01.01"]

1. e4 c5 2. b3 Nc6 3. Bb2 d6 4. Nf3 e5 5. Be2 Be7 6. O-O f5 7. exf5 Bxf5 8. d3
Qd7 9. a3 g5 10. Nbd2 O-O-O 11. b4 g4 12. Ne1 Nf6 13. f4 gxf3 14. Bxf3 d5 15.
c4 cxb4 16. cxd5 Nd4 17. axb4 Kb8 18. Nc4 Bd6 19. Nxd6 Qxd6 20. Bxd4 exd4 21.
Qa4 a6 22. b5 Bd7 23. Qxd4 Bxb5 24. Nc2 Nxd5 25. Rfb1 Nf4 26. Qg7 Qb6+ 27. Kh1
Nxd3 28. Nd4 Rhf8 29. Qg3+ Rf4 30. Rxb5 axb5 0-1

[Event "23. Copenhagen Open  (Politiken Cup)"]
[Site "Copenhagen"]
[Date "2001.07.17"]
[Round "2"]
[White "Nicolaisen, Jeppe"]
[Black "Skovgaard, Peter Nicolai"]
[Result "1-0"]
[WhiteElo "2047"]
[BlackElo "1688"]
[PlyCount "79"]
[EventDate "2001.07.16"]
[EventType "swiss"]
[EventRounds "11"]
[EventCountry "DEN"]
[SourceDate "2004.01.01"]

1. e4 c5 2. Nc3 d6 3. f4 Nc6 4. Nf3 g6 5. Bb5 Bg7 6. Bxc6+ bxc6 7. d3 Nf6 8.
O-O O-O 9. Qe1 Qc7 10. Kh1 Bd7 11. Nd1 d5 12. e5 Ng4 13. Nc3 Qb7 14. b3 Nh6 15.
Ba3 Rfe8 16. Bxc5 f6 17. Qd2 Rad8 18. Rae1 Bc8 19. Nd4 Nf5 20. Nxf5 Bxf5 21. d4
Qc7 22. e6 Rd6 23. Bxd6 exd6 24. e7 Rxe7 25. Rxe7 Qxe7 26. Re1 Qc7 27. Qe2 Qd7
28. Qe8+ Qxe8 29. Rxe8+ Kf7 30. Ra8 Bxc2 31. Rxa7+ Kf8 32. Rc7 f5 33. Rxc6 Bxd4
34. Nxd5 Be4 35. Rxd6 Bc5 36. Rd8+ Kf7 37. Nc3 Ke7 38. Nxe4 fxe4 39. Rd5 Bb6
40. Re5+ 1-0

[Event "23. Copenhagen Open  (Politiken Cup)"]
[Site "Copenhagen"]
[Date "2001.07.17"]
[Round "2"]
[White "Nielsen, Borge Hjerrild"]
[Black "Hoi, Carsten"]
[Result "0-1"]
[WhiteElo "2122"]
[BlackElo "2407"]
[PlyCount "44"]
[EventDate "2001.07.16"]
[EventType "swiss"]
[EventRounds "11"]
[EventCountry "DEN"]
[SourceDate "2004.01.01"]

1. d4 g6 2. Nf3 Bg7 3. c4 d6 4. g3 Nf6 5. Bg2 O-O 6. O-O Bf5 7. Nc3 Ne4 8. Nh4
Nxc3 9. bxc3 Bc8 10. e4 e5 11. Re1 Nc6 12. Be3 Na5 13. Bf1 b6 14. Qa4 Qe8 15.
Qxe8 Rxe8 16. c5 exd4 17. Bxd4 dxc5 18. Bxg7 Kxg7 19. f4 Be6 20. Kf2 Rad8 21.
Nf3 Bc4 22. Ke3 Bxf1 0-1

[Event "23. Copenhagen Open  (Politiken Cup)"]
[Site "Copenhagen"]
[Date "2001.07.17"]
[Round "2"]
[White "Nielsen, Dagh"]
[Black "McShane, Rod"]
[Result "1-0"]
[WhiteElo "1982"]
[BlackElo "1400"]
[PlyCount "23"]
[EventDate "2001.07.16"]
[EventType "swiss"]
[EventRounds "11"]
[EventCountry "DEN"]
[SourceDate "2004.01.01"]

1. d4 Nf6 2. Nc3 d5 3. e4 e6 4. e5 Nfd7 5. f4 Bb4 6. Nf3 O-O 7. Bd3 c5 8. Bxh7+
Kh8 9. Ng5 g6 10. Qg4 f5 11. Qh4 Nf6 12. exf6 1-0

[Event "23. Copenhagen Open  (Politiken Cup)"]
[Site "Copenhagen"]
[Date "2001.07.17"]
[Round "2"]
[White "Nielsen, Jens Holm"]
[Black "Windekilde, Flemming"]
[Result "1-0"]
[WhiteElo "2055"]
[BlackElo "1744"]
[PlyCount "57"]
[EventDate "2001.07.16"]
[EventType "swiss"]
[EventRounds "11"]
[EventCountry "DEN"]
[SourceDate "2004.01.01"]

1. Nc3 d5 2. e4 dxe4 3. Nxe4 e5 4. Bc4 Nf6 5. Ng5 Bc5 6. Bxf7+ Ke7 7. Qe2 Nc6
8. Bh5 Qd4 9. N1f3 Qxf2+ 10. Qxf2 Bxf2+ 11. Kxf2 Nxh5 12. Re1 h6 13. Nxe5 Nxe5
14. Rxe5+ Kf6 15. Nf3 Bg4 16. d4 Rad8 17. c3 g5 18. Bd2 Rhf8 19. h3 Bxf3 20.
gxf3 Rd7 21. h4 Nf4 22. hxg5+ hxg5 23. Bxf4 gxf4 24. Rh1 b6 25. Rh4 Kg6 26.
Rg4+ Kh6 27. Re1 Rd5 28. Re6+ Kh5 29. Re7 1-0

[Event "23. Copenhagen Open  (Politiken Cup)"]
[Site "Copenhagen"]
[Date "2001.07.17"]
[Round "2"]
[White "Nielsen, Marianne Izaura"]
[Black "Christensen, Christian"]
[Result "0-1"]
[WhiteElo "1371"]
[BlackElo "1972"]
[PlyCount "78"]
[EventDate "2001.07.16"]
[EventType "swiss"]
[EventRounds "11"]
[EventCountry "DEN"]
[SourceDate "2004.01.01"]

1. d4 d6 2. Nf3 g6 3. e3 Bg7 4. Be2 Nd7 5. Nc3 Ngf6 6. O-O O-O 7. e4 e5 8. Bg5
h6 9. Bh4 c6 10. Qd2 Re8 11. Rad1 Qb6 12. dxe5 dxe5 13. b3 Qc7 14. a4 a6 15. h3
Bf8 16. Bxf6 Nxf6 17. Qe3 b5 18. axb5 axb5 19. Ra1 Be6 20. Bd3 Kg7 21. Ne2 Nd7
22. c4 b4 23. Qd2 Nc5 24. Qc2 Red8 25. Rxa8 Rxa8 26. Rb1 Ra3 27. Nc1 f6 28. Ne1
Bf7 29. Rb2 Ne6 30. Nf3 Qa7 31. Na2 Bc5 32. Qd2 Qa5 33. Nc1 Bd4 34. Ra2 Bc3 35.
Qc2 Nc5 36. Be2 Rxa2 37. Nxa2 Nxe4 38. Nxc3 Nxc3 39. Bd1 Qa1 0-1

[Event "23. Copenhagen Open  (Politiken Cup)"]
[Site "Copenhagen"]
[Date "2001.07.17"]
[Round "2"]
[White "Nielsen, Morten"]
[Black "Hansen, Herluf"]
[Result "0-1"]
[WhiteElo "2085"]
[BlackElo "2044"]
[PlyCount "56"]
[EventDate "2001.07.16"]
[EventType "swiss"]
[EventRounds "11"]
[EventCountry "DEN"]
[SourceDate "2004.01.01"]

1. e4 e6 2. d4 d5 3. Nd2 c5 4. exd5 exd5 5. Bb5+ Nc6 6. Qe2+ Qe7 7. dxc5 Qxe2+
8. Bxe2 Bxc5 9. Nb3 Bb6 10. c3 Nge7 11. Bf4 Bf5 12. Nf3 Rd8 13. O-O O-O 14.
Rac1 Rfe8 15. Bg3 Ng6 16. Rfe1 f6 17. Bb5 a6 18. Bxc6 bxc6 19. Nbd4 Bd7 20. b4
c5 21. Nb3 Rxe1+ 22. Rxe1 cxb4 23. cxb4 Rc8 24. Rc1 $11 Rc4 25. Rxc4 dxc4 26.
Nc5 Bxc5 27. bxc5 c3 28. Ne1 Bf5 0-1

[Event "23. Copenhagen Open  (Politiken Cup)"]
[Site "Copenhagen"]
[Date "2001.07.17"]
[Round "2"]
[White "Nielsen, Peter Heine"]
[Black "Helledie, Anders"]
[Result "1-0"]
[WhiteElo "2593"]
[BlackElo "2221"]
[PlyCount "55"]
[EventDate "2001.07.16"]
[EventType "swiss"]
[EventRounds "11"]
[EventCountry "DEN"]
[SourceDate "2004.01.01"]

1. d4 e6 2. c4 b6 3. a3 Nf6 4. Nc3 Bb7 5. Nf3 d6 6. d5 exd5 7. cxd5 c5 8. e4 g6
9. Bf4 a6 10. Bd3 Bg7 11. O-O O-O 12. h3 Nh5 13. Bg5 Qc7 14. a4 Nd7 15. Nd2 Bd4
16. Nc4 Ne5 17. Nxe5 dxe5 18. Ne2 Ng7 19. Nxd4 cxd4 20. f4 f6 21. Bh6 Qd6 22.
Qb3 Rf7 23. fxe5 fxe5 24. Rxf7 Kxf7 25. Rf1+ Kg8 26. Bg5 Rf8 27. Be7 Rxf1+ 28.
Kxf1 1-0

[Event "23. Copenhagen Open  (Politiken Cup)"]
[Site "Copenhagen"]
[Date "2001.07.17"]
[Round "2"]
[White "Nilsson, Nils Specht"]
[Black "Pedersen, Kaj Vinding"]
[Result "1-0"]
[WhiteElo "2218"]
[BlackElo "1549"]
[PlyCount "75"]
[EventDate "2001.07.16"]
[EventType "swiss"]
[EventRounds "11"]
[EventCountry "DEN"]
[SourceDate "2004.01.01"]

1. e4 Nf6 2. e5 Nd5 3. Bc4 c6 4. d4 d6 5. Nf3 Bf5 6. O-O e6 7. Re1 Be7 8. Bb3
O-O 9. Nbd2 f6 10. exd6 Bxd6 11. Nh4 Bc7 12. Nxf5 exf5 13. Nf1 Kh8 14. Qf3 Qd7
15. Bxd5 cxd5 16. Ne3 Re8 17. Bd2 Nc6 18. Qxd5 Qxd5 19. Nxd5 Bd6 20. c3 h6 21.
Bf4 Bxf4 22. Nxf4 Re4 23. Nd3 Rae8 24. f3 R4e7 25. Kf2 g5 26. Rxe7 Rxe7 27. Re1
Rf7 28. d5 Ne7 29. c4 f4 30. g3 fxg3+ 31. hxg3 Kg8 32. Nc5 b6 33. Rxe7 Rxe7 34.
d6 Re8 35. Nb7 Kf7 36. d7 Ke7 37. dxe8=Q+ Kxe8 38. Nd6+ 1-0

[Event "23. Copenhagen Open  (Politiken Cup)"]
[Site "Copenhagen"]
[Date "2001.07.17"]
[Round "2"]
[White "Olesen, Michael Bonding"]
[Black "Edvardsson, Hannu Kalervo"]
[Result "1/2-1/2"]
[WhiteElo "1891"]
[BlackElo "1300"]
[PlyCount "65"]
[EventDate "2001.07.16"]
[EventType "swiss"]
[EventRounds "11"]
[EventCountry "DEN"]
[SourceDate "2004.01.01"]

1. e4 e5 2. Nf3 d6 3. d4 exd4 4. Nxd4 Nf6 5. Nc3 Be7 6. f3 Bd7 7. Be3 Nc6 8.
Qd2 Nxd4 9. Bxd4 c5 10. Be3 a6 11. Be2 O-O 12. O-O b5 13. a4 b4 14. Nd5 Nxd5
15. exd5 a5 16. Bd3 Bf6 17. c3 bxc3 18. bxc3 Rb8 19. Bf4 Qc7 20. Qc2 g6 21. Bg3
Rfe8 22. Rfe1 Rxe1+ 23. Rxe1 Re8 24. Rxe8+ Bxe8 25. h4 h5 26. f4 Qe7 27. f5
Bxh4 28. Bxh4 Qxh4 29. fxg6 Qe1+ 30. Kh2 Qh4+ 31. Kg1 Qe1+ 32. Kh2 Qh4+ 33. Kg1
1/2-1/2

[Event "23. Copenhagen Open  (Politiken Cup)"]
[Site "Copenhagen"]
[Date "2001.07.17"]
[Round "2"]
[White "Paaske, Asger"]
[Black "Nielsen, Michael"]
[Result "0-1"]
[WhiteElo "2062"]
[BlackElo "1789"]
[PlyCount "110"]
[EventDate "2001.07.16"]
[EventType "swiss"]
[EventRounds "11"]
[EventCountry "DEN"]
[SourceDate "2004.01.01"]

1. e4 c5 2. Nf3 d6 3. Bb5+ Nc6 4. d4 cxd4 5. Qxd4 Bd7 6. Bxc6 Bxc6 7. c4 Nf6 8.
Nc3 g6 9. O-O Bg7 10. Be3 O-O 11. Qd3 Ng4 12. Bg5 Rc8 13. Rac1 h6 14. Bh4 Qd7
15. h3 Nf6 16. Rfd1 Rfd8 17. Nd4 Nh5 18. b4 g5 19. Bg3 Nxg3 20. Qxg3 Ba4 21.
Nxa4 Qxa4 22. Nf5 Rd7 23. Nxg7 Kxg7 24. Qc3+ f6 25. Rd5 b6 26. h4 e6 27. Rd3 d5
28. hxg5 hxg5 29. exd5 exd5 30. Rf3 d4 31. Qd3 Qxb4 32. Rh3 Rh8 33. Rxh8 Kxh8
34. Qh3+ Rh7 35. Qc8+ Kg7 36. Qd7+ Kg6 37. Qe8+ Kh6 38. Re1 Qxc4 39. g4 Qf7 40.
Qe4 Qb7 41. Qe8 Qd7 42. Qf8+ Kg6 43. Qg8+ Rg7 44. Qh8 Qxg4+ 45. Kf1 d3 46. Qe8+
Kh7 47. Re7 Qf3 48. Rxg7+ Kxg7 49. Kg1 Qe2 50. Qd7+ Kg6 51. Qd5 d2 52. Qg8+ Kh5
53. Qh7+ Kg4 54. Qd7+ Kh4 55. Qh7+ Qh5 0-1

[Event "23. Copenhagen Open  (Politiken Cup)"]
[Site "Copenhagen"]
[Date "2001.07.17"]
[Round "2"]
[White "Pallesen, Jacob"]
[Black "Hoeg, Claus"]
[Result "1-0"]
[WhiteElo "2061"]
[BlackElo "1785"]
[Annotator "Jacob Pallesen"]
[PlyCount "77"]
[EventDate "2001.07.16"]
[EventType "swiss"]
[EventRounds "11"]
[EventCountry "DEN"]
[SourceDate "2004.01.01"]

1. e4 g6 2. d4 Bg7 3. Nc3 Nc6 4. Be3 e5 5. d5 Nd4 6. Nge2 c5 7. Qd2 d6 8. O-O-O
b5 9. Ng3 Bd7 10. f4 b4 11. Nce2 Qa5 12. Kb1 Ba4 13. Rc1 Nb5 14. f5 Rb8 15. Ka1
c4 16. Rb1 {#} Bxc2 17. Re1 Bb3 (17... Qa4 $18) 18. Nc1 c3 19. Bxb5+ Rxb5 20.
Qf2 Bxa2 21. Nxa2 b3 22. bxc3 bxa2 23. Rc1 Rb3 24. c4 Qa3 25. Rhe1 Nf6 26. h3
O-O 27. Bxa7 Rxg3 28. c5 Nxd5 29. cxd6 gxf5 30. Bc5 Qb3 31. Qc2 Qxc2 32. Rxc2
fxe4 33. Rxe4 Ra8 34. Rd2 Rc3 35. Rxa2 Rxa2+ 36. Kxa2 Ne3 37. Bxe3 Rc2+ 38. Kb3
Rxg2 39. d7 {time} 1-0

[Event "23. Copenhagen Open  (Politiken Cup)"]
[Site "Copenhagen"]
[Date "2001.07.17"]
[Round "2"]
[White "Palo, Davor"]
[Black "Hagen, Andreas Skytte"]
[Result "1-0"]
[WhiteElo "2325"]
[BlackElo "2113"]
[PlyCount "87"]
[EventDate "2001.07.16"]
[EventType "swiss"]
[EventRounds "11"]
[EventCountry "DEN"]
[SourceDate "2004.01.01"]

1. d4 e6 2. Nf3 f5 3. g3 Nf6 4. Bg2 d5 5. O-O Bd6 6. c4 c6 7. b3 Qe7 8. Bf4
Bxf4 9. gxf4 O-O 10. Nbd2 Bd7 11. Qc2 Ne4 12. e3 Be8 13. Ne5 Bh5 14. Nxe4 fxe4
15. f3 exf3 16. Bxf3 Bxf3 17. Rxf3 Nd7 18. Rh3 Rf5 19. cxd5 Nxe5 20. dxe6 Qxe6
21. dxe5 g5 22. Rd1 Qf7 23. Rg3 Kh8 24. Qc3 Re8 25. Rd4 h6 26. Qd2 c5 27. Rd6
Re6 28. Rxe6 Qxe6 29. Qd8+ Kh7 30. fxg5 Rxg5 31. Qc7+ Kh8 32. Qxc5 Rxg3+ 33.
hxg3 Qg4 34. Qf8+ Kh7 35. Qf7+ Kh8 36. Kf2 h5 37. Qf8+ Kh7 38. Qf7+ Kh8 39. e6
h4 40. Qf6+ Kg8 41. gxh4 Qh3 42. Qg6+ Kh8 43. Qh6+ Kg8 44. Qf4 1-0

[Event "23. Copenhagen Open  (Politiken Cup)"]
[Site "Copenhagen"]
[Date "2001.07.17"]
[Round "2"]
[White "Petersen, Kim Linde"]
[Black "Johansson, Thomas"]
[Result "0-1"]
[WhiteElo "1535"]
[BlackElo "2250"]
[PlyCount "84"]
[EventDate "2001.07.16"]
[EventType "swiss"]
[EventRounds "11"]
[EventCountry "DEN"]
[SourceDate "2004.01.01"]

1. e4 c5 2. b4 cxb4 3. c4 bxc3 4. Nxc3 g6 5. Bc4 Bg7 6. Qb3 Nh6 7. d4 O-O 8.
Nf3 Nc6 9. Bb5 d6 10. h4 Ng4 11. h5 Na5 12. Qa4 a6 13. Bd3 Bd7 14. Qd1 Rc8 15.
Bd2 Nc4 16. a4 Nxd2 17. Qxd2 Qa5 18. Nd5 Qxd2+ 19. Kxd2 Rfe8 20. Ke2 Rc6 21.
Rab1 e6 22. Nb6 Re7 23. hxg6 hxg6 24. Rhc1 Rxc1 25. Rxc1 Bc6 26. Nc8 Re8 27.
Nb6 f5 28. exf5 exf5+ 29. Kf1 Bxf3 30. gxf3 Nf6 31. d5 Bh6 32. Re1 Rxe1+ 33.
Kxe1 Kf8 34. Bc4 Bf4 35. Ke2 Ke7 36. Kd3 Bh2 37. Ke3 Nh5 38. a5 Bf4+ 39. Kd3
Be5 40. Bb3 Nf4+ 41. Ke3 Nh3 42. Bc2 Bf4+ 0-1

[Event "23. Copenhagen Open  (Politiken Cup)"]
[Site "Copenhagen"]
[Date "2001.07.17"]
[Round "2"]
[White "Radovic, Slobodan"]
[Black "Thompson, Ian D"]
[Result "0-1"]
[WhiteElo "1492"]
[BlackElo "2240"]
[PlyCount "62"]
[EventDate "2001.07.16"]
[EventType "swiss"]
[EventRounds "11"]
[EventCountry "DEN"]
[SourceDate "2004.01.01"]

1. e4 e6 2. d4 d5 3. Nd2 Nf6 4. e5 Nfd7 5. Ngf3 c5 6. dxc5 Nc6 7. Bb5 Bxc5 8.
O-O Qb6 9. Bxc6 bxc6 10. Nb3 Be7 11. Bg5 Bxg5 12. Nxg5 Nxe5 13. Re1 Ng6 14. Qd4
Qxd4 15. Nxd4 Ne7 16. b4 a5 17. a3 a4 18. f4 O-O 19. Re3 Ba6 20. Rae1 Rfc8 21.
Ngxe6 fxe6 22. Rxe6 Ng6 23. f5 Nf4 24. Rxc6 Ne2+ 25. Rxe2 Rxc6 26. b5 Rc4 27.
Rd2 Bb7 28. Kf2 Re8 29. Ne6 g6 30. Nd4 gxf5 31. Nxf5 Rf4+ 0-1

[Event "23. Copenhagen Open  (Politiken Cup)"]
[Site "Copenhagen"]
[Date "2001.07.17"]
[Round "2"]
[White "Rasmussen, Bo"]
[Black "Elka, Parviz"]
[Result "1/2-1/2"]
[WhiteElo "2160"]
[BlackElo "1329"]
[PlyCount "100"]
[EventDate "2001.07.16"]
[EventType "swiss"]
[EventRounds "11"]
[EventCountry "DEN"]
[SourceDate "2004.01.01"]

1. c4 c6 2. g3 d5 3. cxd5 cxd5 4. Bg2 Nc6 5. d4 Nf6 6. Nc3 Bf5 7. Nf3 h6 8. Qb3
Na5 9. Qa4+ Bd7 10. Qc2 Nc6 11. a3 Qb6 12. Be3 Rc8 13. O-O e6 14. Rac1 Na5 15.
Ne5 Bb5 16. Ng6 fxg6 17. Qxg6+ Kd8 18. Bh3 Be8 19. Qd3 Bd7 20. Rc2 Qc6 21. b4
Nb3 22. Rb1 Qc4 23. Bg2 Ng4 24. Qd1 Nxe3 25. fxe3 Bd6 26. Rbb2 a5 27. Nxd5 Qa6
28. Rxc8+ Kxc8 29. Qxb3 exd5 30. Bxd5 axb4 31. axb4 Rf8 32. Ra2 Qb5 33. Be6 Kb8
34. Rb2 Rf6 35. Bxd7 Qxd7 36. Qg8+ Bf8 37. Qh7 Qh3 38. Rb1 Qg4 39. Qd3 Bd6 40.
e4 Rf4 41. h3 Qg5 42. e5 Bc7 43. Rf1 Rxf1+ 44. Kxf1 Qd8 45. Qc4 Bb6 46. e3 Qg5
47. Qe6 Qxe3 48. Qxb6 Qf3+ 49. Ke1 Qe3+ 50. Kd1 Qd3+ 1/2-1/2